MARC

LEADER 00000nab a2200000 4500
001 vtls012266843
003 SK-MaSNL
005 20260318115138.0
008 241112c2021 xo er|n || ||00 b0ukr
015 |a SNBRA2024/11 
038 |a SVKPOCL 
040 |a SVKPOCL  |b slo  |c SVKPOCL  |e rda 
041 0 |a ukr 
043 |a e------  |a e-un---  |a e-xr---  |a e-xo---  |a e-pl---  |a e-ci--- 
044 |a xo  |c SK 
072 7 |a 061.2  |x Mimovládne organizácie a kooperácia  |2 konspekt 
072 7 |a 316.3  |x Globálne spoločnosti. Sociálna štruktúra. Sociálne skupiny  |2 konspekt 
080 |a 316.022.4(091)  |2 2011 
080 |a 316.022.4(=161.25)  |2 2011 
080 |a 005.745  |2 2011 
080 |a (=161.25)(100)  |2 2011 
080 |a 316.022.4(=161.25):061.2(100)  |2 2011 
080 |a (100)  |2 2011 
080 |a 061.2(100)  |2 2011 
080 |a (477)  |2 2011 
080 |a (437.6)  |2 2011 
100 1 |a Medviď, Peter,  |d 1981-  |4 aut  |9 268505 
245 1 0 |a Svitova rada choče kontakt z organizacijamy Pidkarpat'a. Na Ukrajini bude i zasidaty  |c Petro Medvid' 
336 |a text  |b txt  |2 rdacontent 
337 |a bez média  |b n  |2 rdamedia 
338 |a zväzok  |b nc  |2 rdacarrier 
500 |a V rubrike Našŷ osobnosty 
500 |a 2. pokongresové zasadanie Svetového kongresu Rusínov 
500 |a Ljavinyec, Sztyepán pozri aj Ljavinec, Štefan 
500 |a Ljavinec, Stepan pozri aj Ljavinec, Štefan 
600 1 7 |a Gambaľ, Bohdan,  |d 1965-2020  |2 svkpocl  |9 1338913 
600 1 7 |a Bobynec', Mykola  |2 svkpocl  |9 1334442 
600 1 7 |a Ljavinec, Štefan,  |d 1966-  |2 svkpocl  |9 1554098 
600 1 7 |a Duć-Fajfer, Olena,  |d 1960-  |2 svkpocl  |9 1264451 
610 2 7 |a Okrúhly stôl Rusínov Slovenska  |g (združenie)  |2 svkpocl  |9 1096305 
610 2 7 |a Svetový kongres Rusínov  |g (organizácia)  |2 svkpocl  |9 1327290 
610 2 7 |a Lem.fm (Gorlice, Poľsko)  |g (internetové rádio)  |2 svkpocl  |9 1270192 
610 2 7 |a Narodna rada Rusyniv Zakarpat'a (Užhorod, Ukrajina)  |2 svkpocl  |9 1288290 
610 2 7 |a Svetová rada Rusínov  |2 svkpocl  |9 1061689 
648 7 |a 25.9.2021  |2 svkpocl  |9 1604159 
648 7 |a 10.9.1919  |2 svkpocl  |9 1604160 
648 7 |a 2011-2021  |2 svkpocl  |9 340645 
650 0 7 |a mimovládne organizácie  |2 SNKPH  |9 194400 
650 0 7 |a pracovné stretnutia  |2 svkpocl  |9 513273 
650 0 7 |a zasadania  |2 svkpocl  |9 284751 
650 0 7 |a Rusíni  |2 SNKPH  |9 4087 
650 0 7 |a kultúrne inštitúcie a organizácie  |2 SNKPH  |9 112538 
650 0 7 |a kongresy  |2 SNKPH  |9 19200 
651 7 |a Chorvátsko  |2 SNKPHgeo  |9 16553 
651 7 |a Slovensko  |2 SNKPHgeo  |9 14231 
651 7 |a Ukrajina  |2 SNKPHgeo  |9 168045 
651 7 |a Poľsko  |2 SNKPHgeo  |9 16755 
651 7 |a Srbsko  |2 SNKPHgeo  |9 31535 
651 7 |a Stari Jankovci (Chorvátsko)  |2 svkpocl  |9 1604008 
651 7 |a Česko  |2 SNKPHgeo  |9 16753 
773 0 |t NN info Rusyn  |g Roč. XVIII (30), č. 19 (2021), s. 10  |x 2454-0013 
852 |a SVKPO  |b KIS3GCP 
958 |a RN 
958 |a SS 
958 |a UA 
958 |a NM 
958 |a SK 
958 |a HR 
958 |a PL 
958 |a CZ 
999 |c 3304523  |d 3306453